000
00311nam a2200121Ia 4500
008
220204s9999 xx 000 0 und d
082
_a
34:339
_b
SAR
100
_a
Sarjoo Prasad
245
0
_a
Commentaries on essential commodities act. 1955
250
_a
Ed.4
260
_a
Allahabad
_b
Law pub
_c
1980
942
_c
BK
999
_c
36032
_d
36032